000 00877nam a2200217Ii 4500
003 JO-AjNU
008 230605s9999||||xx |||||||||||||| ||und||
017 _a2001/10/2070
040 _aJO-AjNU
_bara
_erda
_cJO-AjNU
041 _aara
050 1 4 _aHF 5655 .A7.J3796 2002
100 3 _aتأليف: جربوع، يوسف محمود/ م.مشارك: سالم عبدالله حلس,
_eauthor
_927495
245 0 0 _aالمحاسبة الدولية مع التطبيق العملي لمعايير المحاسبة الدولية
250 _aط1
264 3 1 _aعمان: مؤسسة الوراق للنشر والتوزيع، 2002
300 _a488ص
_bيحتوي على ببلوغرافية من ص475-488ص
336 _atext
_btxt
_2rdacontent
337 _aunmediated
_bn
_2rdamedia
338 _avolume
_bnc
_2rdacarrier
650 4 _aالمحاسبة - الشركات
_927496
999 _aA10552
_c14120
_d14120